00487nam a2200181Ii 45000010005000000030009000050080041000140400033000550410008000880820016000961000022001122450035001342640043001693000012002123360026002243370028002503380027002786976CO-ViMGA241108s9999||||xx |||||||||||||| ||und|| aCO-ViMGAbspaerdacCO-ViMGA0 aspa04a891.43 O53l1 aHermann Oldenberg10aLiteratura de la antigua India 1aBuenos Aires, Argentina : Losada, 1956 avolumen atextbtxt2rdacontent aunmediatedbn2rdamedia avolumebnc2rdacarrier